| 000 | 00384cam a22001097a 4500 | ||
|---|---|---|---|
| 008 | 180718b1945 xxu||||| |||| 00| 0 eng d | ||
| 082 | _aB811x71 C16c/45/SD | ||
| 100 | _aCanada. Cabinet Committee on Dominion=Provincial Relations | ||
| 245 | _aSuccession duties: reference book for Dominion-Provincial Conference on Reconstruction | ||
| 260 |
_aOttawa _bThe author _c1945 |
||
| 300 | _a39p. | ||
| 999 |
_c488894 _d488894 |
||